000 00638nam a2200253Ia 4500
003 OSt
005 20220912152750.0
006 a|||||r|||| 00| 0
007 ta
008 220909b |||||||| |||| 00| 0 eng d
024 _a35373
037 _cTextual
040 _aCSL
_beng
_cCSL
041 _aeng
082 _aY:4353:5(X8(J)).74.N6, L7K7
100 _aStakman E C
245 0 _aCompaigns against hunger
260 _c1967
300 _ap.
_ccm.
650 _a Social pathology
650 _aAnthropology
942 _hY:4353:5(X8(J)).74.N6, L7K7
_cTEXL
_2CC
999 _c91663
_d91663